Una luz diminuta surgió de la nada / (Record no. 16206)

MARC details
000 -LEADER
fixed length control field 00521nam a2200193 4500
001 - CONTROL NUMBER
control field sjds160002
003 - CONTROL NUMBER IDENTIFIER
control field sjds
005 - DATE AND TIME OF LATEST TRANSACTION
control field 20160913155325.0
008 - FIXED-LENGTH DATA ELEMENTS--GENERAL INFORMATION
fixed length control field
020 ## - INTERNATIONAL STANDARD BOOK NUMBER
International Standard Book Number 9788492412280
040 ## - CATALOGING SOURCE
Transcribing agency sjds
041 ## - LANGUAGE CODE
Language code of text/sound track or separate title spa
100 ## - MAIN ENTRY--PERSONAL NAME
Personal name Turkowski, Einar
Dates associated with a name (1972-)
245 ## - TITLE STATEMENT
Title Una luz diminuta surgió de la nada /
Statement of responsibility, etc. Einar Turkowski ; [traducción, Moka Seco Reeg]
250 ## - EDITION STATEMENT
Edition statement 1ª ed. in Spanish
260 ## - PUBLICATION, DISTRIBUTION, ETC. (IMPRINT)
Place of publication, distribution, etc. Barcelona ; Madrid :
Name of publisher, distributor, etc. Libros del Zorro Rojo,
Date of publication, distribution, etc. 2009
300 ## - PHYSICAL DESCRIPTION
Extent 26 p. : il. ;
Dimensions 21 x 26 cm
942 ## - ADDED ENTRY ELEMENTS (KOHA)
Koha item type Libro/Book
Holdings
Withdrawn status Lost status Damaged status Not for loan Home library Current library Date acquired Inventory number Total Checkouts Barcode Date last seen Price effective from Koha item type
        Capulin -- Satellite Capulin -- Satellite 13/09/2016 Inventory date: 7/7/25   35100780 13/09/2016 13/09/2016 Libro/Book
        Sevadilla -- Satellite Sevadilla -- Satellite 18/09/2016 Inventory date: 7/7/25   35400786 18/09/2016 18/09/2016 Libro/Book

Powered by Koha